Top Baby Names in Every State - Statistics

General Stats
  • This quiz has been taken 427 times
  • The average score is 67 of 100
Answer Stats
State Gender Name % Correct
Alaska | Arizona | Idaho | +13 others Female Emma
84%
Colorado | Connecticut | Hawaii | +10 others Female Olivia
81%
Montana Male James
72%
California | Connecticut | Hawaii | +6 others Male Noah
71%
Alabama | Arkansas | Delaware | +7 others Female Ava
70%
Alaska | Arizona | Colorado | +12 others Male Liam
69%
Alabama | Georgia | Kentucky | +5 others Male William
64%
Mississippi Male WIlliam
64%
Idaho | Indiana | Iowa | +5 others Male Oliver
62%
New Hampshire Female Charlotte
58%
Florida Female Isabella
58%
California | Nevada | New Jersey | New Mexico Female Mia
58%
Kansas | Massachusetts Male Benjamin
45%
Minnesota Male Henry
43%
Montana | North Dakota | Vermont | West Virginia Female Harper
38%
West Virginia Male Mason
38%
Arkansas | New Mexico Male Elijah
35%
Minnesota Female Evelyn
32%
Vermont Male Owen
19%
Wyoming Male Wyatt
7%
No matching quizzes found
Score Distribution
Percent of People with Each Score
Percentile by Number Answered
Your Score History
You have not taken this quiz